[Event "Aktobe U14 op"]
[Site "Aqtobe"]
[Date "2022.06.16"]
[Round "3"]
[White "Kaliakhmet, Elsultan"]
[Black "Savitskiy, Vladimir"]
[Result "1-0"]
[WhiteElo "1446"]
[BlackElo "1293"]
[PlyCount "111"]
[EventDate "2022.06.14"]
[EventType "swiss"]
[EventRounds "9"]
[EventCountry "KAZ"]
[SourceTitle "EXT 2023"]
[Source "ChessBase"]
[SourceDate "2022.10.05"]
[SourceVersion "1"]
[SourceVersionDate "2022.10.05"]
[SourceQuality "1"]

1. e4 c5 2. Nf3 d6 3. d4 cxd4 4. Nxd4 Nf6 5. Nc3 a6 6. Bg5 e6 7. Qd2 Be7 8. 0-0-0 b5 9. a3 Bb7 10. Bd3 Nbd7 11. f4 Rc8 12. Kb1 Qb6 13. Nb3 Qc7 14. Rhe1 e5 15. fxe5 dxe5 16. Bxf6 Nxf6 17. Na2 0-0 18. Rc1 Rfd8 19. Qe2 a5 20. g4 b4 21. axb4 axb4 22. Rcd1 Ra8 23. h3 Bc6 24. Qf2 Ba4 25. Nbc1 Qa5 26. g5 Nh5 27. Bc4 Nf4 28. h4 Rdc8 29. Bb3 Bxb3 30. cxb3 Rxc1+ 31. Kxc1 Qxa2 32. Qc2 Qa6 33. Rd7 Rc8 34. Rc7 Rxc7 35. Qxc7 Bf8 36. Rd1 Qe2 37. Qc2 Qxc2+ 38. Kxc2 Ng2 39. Rh1 f6 40. gxf6 gxf6 41. Rg1 Kf7 42. Rxg2 Ke6 43. Kd3 Kf7 44. h5 Ke6 45. Rf2 Bc5 46. Rg2 Bf8 47. Kc4 h6 48. Rg6 Kf7 49. Kd3 Bg7 50. Ke2 Bf8 51. Kf3 Bg7 52. Kg4 Bf8 53. Kf5 Bg7 54. Rg2 Bf8 55. Rc2 Be7 56. Rc7 1-0